[Event "Lopota FIDE GP (Women)"]
[Site "Lopota"]
[Date "2014.07.01"]
[Round "11"]
[White "Danielian, Elina"]
[Black "Hou, Yifan"]
[Result "1/2-1/2"]
[WhiteElo "2460"]
[BlackElo "2629"]
[Annotator "CB"]
[PlyCount "84"]
[EventDate "2014.06.19"]
[EventType "tourn"]
[EventRounds "11"]
[EventCountry "GEO"]
[EventCategory "11"]
[SourceTitle "CBM 161 Extra"]
[Source "ChessBase"]
[SourceDate "2014.08.29"]
[SourceVersion "1"]
[SourceVersionDate "2014.08.29"]
[SourceQuality "1"]

{The World Champion played an atrocious opening, but it was ok because it
seemed that Danielian was satisfied with just playing for a draw. Eventually
this was the result.} 1. d4 e6 2. Nf3 Nf6 3. e3 c5 4. c4 g6 $6 {World Champion
or not, playing both e6 and g6 before move five cannot be recommended.} 5. Nc3
Bg7 6. dxc5 Na6 7. Qc2 (7. e4 $1 Nxc5 8. Qd4 $1 Na6 (8... d6 9. e5 $18 {
already loses.}) 9. Be3 {and Black's position is far from enviable.}) 7... Nxc5
8. b4 Na6 {Another strange decision. The knight here will suffer.} (8... Nce4
9. Nxe4 Nxe4 10. Bb2 Bxb2 11. Qxb2 Qf6 {is only slightly worse.}) 9. a3 O-O 10.
Bb2 b6 11. Be2 Bb7 12. O-O d6 13. Rfd1 Qe7 {The hedgehog structure has a key
difference that the knight on a6 is too out of place.} 14. Qb3 Rfd8 15. a4 Rab8
16. h3 {a move that contributes almost nothing to White's position.} h5 {
A move that is worse than contributing nothing to the position. The holes left
on g5 and the potential weakness of f7 makes passing a better move than
playing h5.} (16... Nc7 $11) 17. Nb5 $6 {allowing Black to breakthrough
without consequences.} (17. Nd4 $14 d5 $2 18. cxd5 Nxd5 19. Bxa6 $16) 17... d5
18. Be5 Ra8 19. Rab1 dxc4 20. Rxd8+ Rxd8 21. Qxc4 Nb8 (21... Nd5 $11) 22. Qc7
Qxc7 23. Bxc7 Rc8 24. Be5 Nc6 25. Nd6 Nxe5 26. Nxe5 Rc7 27. Nxb7 Rxb7 28. Rc1
Nd5 29. Rc8+ Kh7 30. Nc6 Ne7 31. Nxe7 Rxe7 {The draw is now obvious.} 32. Bb5
Be5 33. Bc6 Rc7 34. Rxc7 Bxc7 35. g4 hxg4 36. hxg4 g5 37. Kg2 Kg7 38. Kf3 Bd6
39. b5 Bb4 40. Ke4 Be1 41. Kf3 Bb4 42. Ke4 Be1 1/2-1/2

[Event "Olympiad-36"]
[Site "Mallorca"]
[Date "2004.10.28"]
[Round "13"]
[White "Collins, Sam E"]
[Black "Fier, Alexandr"]
[Result "1-0"]
[WhiteElo "2387"]
[BlackElo "2365"]
[Annotator "CB"]
[PlyCount "101"]
[EventDate "2004.10.15"]
[EventType "team-swiss"]
[EventRounds "14"]
[EventCountry "ESP"]
[SourceTitle "CBM 104"]
[Source "ChessBase"]
[SourceDate "2005.01.27"]
[SourceVersion "1"]
[SourceVersionDate "2005.01.27"]
[SourceQuality "1"]
[WhiteTeam "Ireland"]
[BlackTeam "Brazil"]
[WhiteTeamCountry "IRL"]
[BlackTeamCountry "BRA"]

1. Nf3 Nf6 2. c4 Nc6 3. d4 e6 4. a3 d5 5. Nc3 Be7 6. cxd5 exd5 7. Bg5 Be6 8. e3
O-O 9. Qc2 h6 10. Bh4 Nd7 11. Bxe7 Qxe7 12. Na4 Bg4 13. Be2 Bxf3 14. gxf3 Rae8
15. O-O-O Na5 16. Rhg1 c6 17. Rg3 Kh8 18. Qf5 Qe6 19. Qh5 b5 20. Nc3 f5 21.
Rdg1 Re7 22. Bd3 Nc4 23. Ne2 Qf7 24. Qh3 Rg8 25. Nf4 Nf8 26. Bxf5 Nd6 27. Bc2
Ne8 28. Bg6 Qf6 29. Nh5 Qe6 30. Bf5 Qf7 31. Nf4 Nd6 32. Bg6 Qf6 33. Bc2 Ne8 34.
Ng6+ Nxg6 35. Rxg6 Qf8 36. Rxc6 Rc7 {#} 37. Rxc7 (37. Rxg7 $1) 37... Nxc7 38.
Qf5 Qxf5 39. Bxf5 Rf8 40. Bg4 Ne8 41. Kd2 Nf6 42. Be6 Re8 43. Bf5 g5 44. Rc1
Re7 45. Rc8+ Kg7 46. Rb8 a6 47. Ra8 h5 48. h3 Rf7 49. Rxa6 Ng8 50. Rg6+ Kf8 51.
Rxg8+ 1-0

[Event "Moscow Aeroflot op-A 10th"]
[Site "Moscow"]
[Date "2011.02.14"]
[Round "7"]
[White "Cheparinov, Ivan"]
[Black "Salgado Lopez, Ivan"]
[Result "1-0"]
[WhiteElo "2665"]
[BlackElo "2626"]
[Annotator "CB"]
[PlyCount "53"]
[EventDate "2011.02.08"]
[EventType "swiss"]
[EventRounds "9"]
[EventCountry "RUS"]
[SourceTitle "CBM 141 Extra"]
[Source "ChessBase"]
[SourceDate "2011.05.03"]
[SourceVersion "1"]
[SourceVersionDate "2011.05.03"]
[SourceQuality "1"]

1. d4 Nf6 2. c4 e6 3. Nf3 c5 4. d5 b5 5. Bg5 Qa5+ 6. Nbd2 bxc4 7. Bxf6 gxf6 8.
e4 Rg8 {Wojtaszek beat Bobula with this a few years back with Black, but
Cheparinov is about 250 Elo more and not going to be so easy to catch.} 9. g3 (
9. Qc2 Na6 10. dxe6 fxe6 11. e5 f5 12. Qc3 Qxc3 13. bxc3 Nc7 14. Nxc4 Nd5 15.
Kd2 Rb8 16. g3 Bb7 17. Be2 Bh6+ 18. Kc2 Bc6 19. a4 Ke7 20. Rhb1 Rxb1 21. Rxb1
Bxa4+ 22. Kd3 Bc6 23. Nfd2 Bxd2 24. Kxd2 Nb6 25. Nxb6 axb6 26. Rxb6 Ra8 27. Ra6
Rb8 28. Bd3 Rb2+ 29. Ke3 Bd5 30. Ra4 Rb3 31. Kd2 Kf8 32. c4 Bc6 33. Ra5 Rb2+
34. Ke3 Rb3 35. Ke2 Rb2+ 36. Ke1 h6 37. Rxc5 Ra2 38. Bxf5 exf5 39. e6 Ke7 40.
exd7 Bxd7 41. Kf1 Rc2 42. Kg2 Be6 43. Rc7+ Kf6 44. c5 Bd5+ 45. Kh3 Rxf2 46. Rd7
Be6 47. Rd6 f4+ 48. g4 h5 {0-1 (48) Bobula,M (2423)-Wojtaszek,R (2635)/Warsaw
2007/CBM 121 Extra}) 9... Rg4 10. Be2 Rxe4 11. O-O {#A quick tally says it all.
Black has given up on castling and has developed his queen and a very oddly
placed rook, while White has developed both knight, his bishop, and has
castled to safety. The outcome is almost textbook.} Rxe2 12. Nxc4 Qa6 13. Qxe2
Bb7 14. Rad1 Qxa2 {One could easily criticize this pawn grab, but Black's
position is already ciritical.} 15. Rfe1 Qa4 16. b3 Qb4 (16... Qxb3 17. Rb1 Qa4
18. Rxb7) 17. Qd3 {Preparing the winning sacrifice.} a6 18. dxe6 fxe6 {#} 19.
Rxe6+ $3 dxe6 20. Qd8+ Kf7 21. Ng5+ $1 Kg6 (21... fxg5 22. Ne5+ Kg8 23. Qxg5+
Kh8 (23... Bg7 24. Rd8#) 24. Nf7#) 22. Nxe6 (22. Qxf8 {was a little faster but
Cheparinov's continuation also mates.} Nd7 23. Qf7+ Kxg5 24. Qg7+ Kh5 25. Qxh7+
Kg5 26. f4+ Kg4 27. Kf2 {followed by either Qh4 mate or Ne3 mate.}) 22... Qxb3
23. Nxf8+ Kh5 24. Ne5 Bf3 25. Nxf3 Qxf3 26. Rd5+ Kh6 27. Qe7 1-0

[Event "World Cup"]
[Site "Khanty-Mansiysk"]
[Date "2007.12.02"]
[Round "3.3"]
[White "Ivanchuk, Vassily"]
[Black "Nisipeanu, Liviu Dieter"]
[Result "1-0"]
[WhiteElo "2787"]
[BlackElo "2668"]
[Annotator "CB"]
[PlyCount "75"]
[EventDate "2007.11.24"]
[EventType "k.o."]
[EventRounds "7"]
[EventCountry "RUS"]
[SourceTitle "CBM 122"]
[Source "ChessBase"]
[SourceDate "2008.01.30"]
[SourceVersion "1"]
[SourceVersionDate "2008.01.30"]
[SourceQuality "1"]

{Today at the World Cup in Khanty-Mansiysk six tiebreak matches were played,
which consisted of two rapid games (25 min. + 10 sec./move), then if the
result is 1-1, two blitz games follow (5 min. + 10 sec./move) and in case of
2-2 the sudden death game decides the overall winner (White gets 6 min., Black
5 min. with no addition. In order to qualify White must win). Four matches
were decided after the rapid games, in two matches the blitz games were played.
The tiebreak winners today are Aronian,Svidler, Bareev, Nisipeanu, Karjakin
and Sasikiran. Ivanchuk, Rublevsky, Grischuk, Bacot and Macieja are out.} 1. d4
Nf6 2. Nf3 e6 3. c4 c5 4. d5 b5 {The Bluemenfeld Gambit again. At this moment
Nisipeanu still had faith in it.} 5. Bg5 b4 {A rare move, although its logic
is evident - to take away square c3 from opponent's knight. In order to
achieve advantage White must play very energetic, otherwise Black will either
close the center (d6 and e5) and then build an initiative onthe kingside, or
he will be able to create pressure on White's pawn center (after the exchange
on d5).} ({In their first regular game of the match Nisipeanu played} 5... exd5
6. cxd5 d6 7. e4 a6 {but couldn't equalize after} 8. Nbd2 Be7 9. Bf4 O-O 10. a4
bxa4 11. Bd3 Bd7 12. O-O Bb5 13. Qe2 Nbd7 14. Bxb5 axb5 15. Qxb5 Rb8 16. Qd3
Rb4 17. Nc4 Nb6 18. Nfd2 {and Black had to work hard before reaching the draw,
Ivanchuk,V (2787)-Nisipeanu,L (2668)/Khanty-Mansiysk 2007 (80)}) 6. a3 h6 7.
Bh4 a5 {This premature advance is nicely exploited by Ivanchuk.} (7... exd5 8.
cxd5 Bb7 9. axb4 cxb4 10. Qd4 g5 11. Bg3 Bxd5 12. Rxa7 Rxa7 13. Qxa7 Nc6 14.
Qe3+ Qe7 15. Qxe7+ Kxe7 16. e3 Bg7 17. Nbd2 Ra8 18. Bd3 Ra1+ 19. Bb1 Ne4 20.
Ke2 Nxd2 21. Nxd2 Bxg2 22. Rd1 Bxb2 23. Nb3 Ra3 24. Nc5 Bh3 25. Be4 Bc3 26.
Bd6+ Ke8 27. Rb1 Bg4+ 28. f3 Ra2+ 29. Kd3 Na5 30. Rd1 Bh3 31. Bd5 Rf2 32. Bg3
Rf1 33. Rxf1 Bxf1+ 34. Kc2 Nc4 35. Bf2 Nb6 36. Bb3 d5 37. e4 d4 38. Bg3 Nc4 39.
Bf2 Na3+ {0-1 Lautier,J (2638)-Koch,J (2510)/Besancon 1999/CBM 073}) 8. axb4
cxb4 9. Nd4 Be7 10. Nb5 d6 11. c5 $1 {Black needs to make a series of only
moves to avoid a quick disaster.} O-O {The only reasonable answer.} (11... Nxd5
12. Nxd6+ Kf8 13. Bxe7+ Nxe7 14. Nd2 {is a clear advantage for White}) 12. dxe6
dxc5 13. exf7+ Kxf7 14. Nd2 Kg8 15. e3 Ng4 {Going nowhere. Black should have
developed the queenside pieces instead.} 16. Bg3 Bh4 17. Ne4 $1 Bxg3 18. hxg3
Nc6 19. Qxd8 Rxd8 20. Nxc5 {With a pawn up and better position Ivanchuk easily
wins the endgame.} Nce5 21. Be2 Bf5 22. Nd4 Rac8 23. Rxa5 Rd5 24. Nxf5 Rdxc5
25. Rxc5 Rxc5 26. O-O Rc2 27. Bd1 Rxb2 28. f4 g6 29. Ne7+ Kg7 30. Nd5 b3 31.
fxe5 Nxe5 32. Nc3 Rd2 33. Ne4 Rd3 34. Kf2 b2 35. Be2 Rb3 36. Rb1 h5 37. Nc5 Rc3
38. Ne6+ 1-0

[Event "Gibraltar Masters 8th"]
[Site "Caleta"]
[Date "2010.02.01"]
[Round "7"]
[White "Malakhatko, Vadim"]
[Black "Vallejo Pons, Francisco"]
[Result "0-1"]
[WhiteElo "2549"]
[BlackElo "2705"]
[Annotator "CB"]
[PlyCount "54"]
[EventDate "2010.01.26"]
[EventType "swiss"]
[EventRounds "10"]
[EventCountry "GGB"]
[SourceTitle "CBM 134 Extra"]
[Source "ChessBase"]
[SourceDate "2010.03.03"]
[SourceVersion "1"]
[SourceVersionDate "2010.03.03"]
[SourceQuality "1"]

1. d4 Nf6 2. c4 e6 3. Nf3 c5 4. d5 b5 {Gambito Blumenfeld. Es una
característica del estilo de Paco Vallejo la lucha por la iniciativa sin
importar el color: sus partidas prometen siempre espectáculo.} 5. dxe6 (5. Bg5
{Es la alternativa principal. Pero las partidas del GM rumano Nisipeanu
muestran el camino a las negras} exd5 6. cxd5 d6 7. e4 a6 8. a4 Be7 9. Nbd2
Nxd5 10. Bxe7 Qxe7 11. axb5 O-O 12. Bc4 Nf4 13. O-O Bb7 14. Re1 axb5 15. Rxa8
Bxa8 16. Bxb5 Nc6 17. Bf1 Qf6 18. Nc4 Rd8 19. Qd2 Nh3+ 20. Kh1 Nd4 21. Re3 d5
22. exd5 Bxd5 23. Nce5 Nxf3 24. gxf3 Nf4 25. Qc3 Qh4 26. Qe1 Re8 27. Bc4 Rxe5
28. Bxd5 Qg5 29. Qg1 Qxg1+ {0-1 Sargissian,G (2610)-Nisipeanu,L (2707)/Germany
2006}) 5... fxe6 6. cxb5 d5 7. Nc3 Nbd7 8. e4 d4 9. e5 Ng4 10. Ng5 Ndxe5 11.
Nce4 ({hace pocos días se jugó en Wijk aan Zee la siguiente partida} 11. f4 Be7
12. fxe5 dxc3 13. Qxd8+ Bxd8 14. bxc3 O-O 15. Nf3 Ba5 16. Bd2 Bb7 17. Be2 Rad8
18. Rf1 Bxf3 19. Rxf3 Rxf3 20. Bxf3 Nxe5 21. Be2 Nd3+ 22. Bxd3 Rxd3 23. O-O-O
c4 24. Kc2 Kf7 25. a4 e5 26. Re1 Ke6 27. Re3 Rd7 28. Be1 Bb6 29. Re2 Rf7 30.
Bg3 Rf5 31. Kd1 h5 32. Ke1 Kd5 33. Rd2+ Ke6 34. Bf2 Rf8 35. Re2 Bxf2+ 36. Rxf2
Rd8 37. Rb2 Rd3 38. a5 Kd7 39. b6 axb6 40. axb6 Kc8 41. Rb5 Rxc3 42. Rxe5 Rc2
43. Rg5 {1/2-1/2 Nyback,T (2643)-Muzychuk,A (2523) Wijk aan Zee NED 2010})
11... h6 $1 {Una novedad que pone en cuestión toda la variante para las blancas
} ({Malakhatko ya ha tenido que enfrentarse a esta posición y perdió después de
} 11... Bb7 12. f4 Bxe4 13. Nxe4 Qd5 14. Ng5 $6 (14. Nf2 $1) 14... c4 $1 15.
Bd2 (15. fxe5 Bb4+ 16. Bd2 Qxe5+ 17. Qe2 Bxd2+ 18. Kxd2 Qxg5+) 15... d3 16. h3
Nf6 17. Qa4 Ned7 18. b3 Nb6 19. Qa6 Bc5 20. Rc1 O-O 21. bxc4 Qd4 22. Kd1 Ne4
23. Nxe4 Qxe4 24. Rc3 Rfd8 {0-1 Malakhatko,V (2569)-Babujian,L (2474) St
Petersburg 2009}) 12. Nf3 Qd5 $1 13. Nfd2 (13. Ng3 c4 14. h3 Bb4+ 15. Bd2 c3 {
es desastroso para el blanco}) 13... Bb7 14. h3 Nf6 15. Nxf6+ gxf6 16. f4 $2 {
omitiendo el siguiente golpe} (16. Qh5+ Ke7 {solamente trae nuevos problemas a
las blancas}) ({el mal menor debe ser} 16. Qb3) 16... Nd3+ $1 17. Bxd3 Qxg2 18.
Qh5+ (18. Rf1 Qg3+ 19. Rf2 Qxd3 $19) 18... Kd7 19. Kd1 {tal vez lo mejor desde
un punto de vista práctico} (19. Rf1 Qg3+ 20. Kd1 Qxd3) 19... Qxh1+ 20. Kc2 Be7
21. b3 Rag8 22. Bb2 Qd5 23. f5 e5 $1 24. Bc4 ({las blancas no pueden jugar} 24.
Be4 {por} Qxe4+ $1 25. Nxe4 Bxe4+ 26. Kd2 Rg2+ 27. Kd1 Rhg8 {y el mate es
inminente}) 24... Qg2 25. Re1 ({también es catrastrófico} 25. Bxg8 Be4+ 26. Kc1
Rxg8) 25... Kd8 $5 26. Qf7 (26. Re2 Qg5) 26... Rg7 27. Qe6 Bc8 {Las blancas
abandonan. ?Qué ha hecho mal Malakhatko? seguramente se lo estará preguntando;
lo cierto es que la preparación de Paco ha sido hoy la de un galáctico} 0-1

[Event "Buenos Aires"]
[Site "Buenos Aires"]
[Date "1980.??.??"]
[Round "?"]
[White "Browne, Walter Shawn"]
[Black "Quinteros, Miguel Angel"]
[Result "1-0"]
[WhiteElo "2540"]
[BlackElo "2515"]
[Annotator "Chekhov,V"]
[PlyCount "85"]
[EventDate "1980.10.15"]
[EventType "tourn"]
[EventRounds "13"]
[EventCountry "ARG"]
[EventCategory "13"]
[SourceTitle "MCL"]
[Source "ChessBase"]
[SourceDate "1999.07.01"]
[SourceVersion "1"]
[SourceVersionDate "1999.07.01"]
[SourceQuality "1"]

1. d4 Nf6 2. Nf3 c5 3. d5 e6 4. c4 b5 5. dxe6 (5. Bg5 $5 Qa5+ 6. Nc3 Ne4 7. Bd2
Nxd2 8. Qxd2 b4 {Manninen,M-Ernst,T/Ostersund/1992/0:1 (52)/ Inf 55/489/} 9.
Nd1 $1 $14 {e4,[]e3/}) 5... fxe6 6. cxb5 d5 (6... Bb7 7. g3 Be7 (7... Qa5+ $5
8. Nc3 a6 9. bxa6 Rxa6 $44) 8. Bg2 O-O 9. O-O Qb6 10. Nc3 a6 11. bxa6 Rxa6 12.
b3 d5 13. Ne5 $1 Nc6 14. Nd3 $14 {Gagarin,V-Buturin,V/Smolensk/1991/}) 7. e3
Bd6 8. Nc3 Bb7 9. e4 $5 (9. Be2 $5) 9... dxe4 $6 (9... d4 10. e5 Bxf3 11. Qxf3
Bxe5 12. Ne4 $1 (12. Qxa8 $2 dxc3 $19) 12... Nbd7 13. Ng5 $16) (9... Nbd7 $5
10. exd5 exd5 11. Be2 (11. Qe2+ Kf8 12. Ng5 Qb6 $1 {/\Re8}) 11... O-O $44) 10.
Ng5 Bd5 11. Qc2 Nbd7 12. Ngxe4 $16 Be5 13. Nxd5 (13. Be2 $5 O-O (13... Bxc3+
14. Nxc3 Bxg2 15. Rg1) 14. O-O $16) 13... exd5 14. Nxf6+ Qxf6 15. Be2 (15. Bd3
$5) 15... O-O 16. O-O Bd4 17. Be3 $1 (17. Bf3 Qe6 {/\Ne5, Rf3}) 17... Bxb2 (
17... Bxe3 18. fxe3 Qg5 19. Qd3 Rae8 20. Bf3 Nb6 21. Rae1 $16) 18. Rad1 Nb6 (
18... Bd4 19. Bxd4 cxd4 20. Qd2 Rae8 21. Bf3 $18) 19. Qxc5 Rac8 20. Qb4 Bc3 21.
Qg4 $6 (21. Qb3 Kh8 22. Bxb6 axb6 23. Qxd5 $18) 21... Qe5 22. Bf3 (22. Bd3 $5
d4 23. Bg5 Nd5 24. Qh4 h6 25. Bc1) 22... Rc4 $1 23. Qh3 (23. Qg3 Qxg3 24. hxg3
d4) (23. Rxd5 $2 Rxg4 24. Rxe5 Rxf3 $17) 23... d4 24. Bc1 Ra4 (24... Qxb5 $2
25. Be2) 25. a3 Qxb5 $6 (25... Nc4 $5 26. Bc6 Ra5 {/\Na3}) (25... Nc4 $5) 26.
Be4 $1 (26. Qe6+ Rf7 27. Bc6 Qc4 28. Qe8+ Rf8 29. Bxa4 Rxe8 30. Bxe8 d3) 26...
g6 (26... h6 27. Qe6+ Kh8 28. Bc6 Qc4 29. Qe7 $18) 27. Qe6+ Rf7 (27... Kg7 28.
Bc6 Qc4 29. Qe5+) 28. Bc6 (28. Bh6 Qd7 29. Qb3) 28... Qc4 29. Qd6 Ra6 30. Rde1
$1 (30. Bh6 Nd7 $1 31. Bd5 Qxf1+) 30... Bxe1 31. Rxe1 Nc8 (31... Qc3 32. Re8+
Kg7 33. Qe5+ Rf6 34. Qe7+ Rf7 35. Qg5 Qxc6 36. Qh6+ Kf6 37. Qh4+ $18) (31...
Nd7 32. Re8+ Nf8 33. Rxf8+ Rxf8 34. Bd5+ Kg7 35. Qe5+ $18) 32. Re8+ Kg7 33.
Qe5+ Rf6 34. Qg5 Rf5 $6 (34... Qxc1+ 35. Qxc1 Raxc6 36. Qa1 $5 (36. Qd2 d3 37.
h4 Rc2 (37... Rfd6 38. Qf4 {/\Qf8} (38. Qb2+ Kh6) 38... Rf6) 38. Qxd3 Rfxf2 39.
Qd4+ $18) 36... Rfd6 (36... d3 37. Rd8 Rcd6 38. Rxd6 Nxd6 39. Qd4 $18) 37. h4
Kf7 38. Re4 d3 $140 39. Rf4+ Rf6 (39... Kg8 40. Qe5) 40. Rxf6+ Rxf6 41. Qd4)
35. Qh6+ Kf6 36. Qf8+ Qf7 37. Qh8+ Qg7 38. Rf8+ Ke6 39. Qxg7 Rxc6 40. Bh6 g5
41. Qg8+ Kd7 42. Rd8+ Ke7 43. Qe8+ 1-0

[Event "London m"]
[Site "London"]
[Date "1986.??.??"]
[Round "1"]
[White "Speelman, Jonathan S"]
[Black "Alburt, Lev O"]
[Result "1-0"]
[WhiteElo "2560"]
[BlackElo "2515"]
[Annotator "ChessBase"]
[PlyCount "103"]
[EventDate "1986.05.??"]
[EventType "match"]
[EventRounds "8"]
[EventCountry "ENG"]
[SourceTitle "MCL"]
[Source "ChessBase"]
[SourceDate "1999.07.01"]
[SourceVersion "1"]
[SourceVersionDate "1999.07.01"]
[SourceQuality "1"]

1. d4 Nf6 2. Nf3 e6 3. c4 c5 4. e3 g6 5. Nc3 Bg7 6. Be2 O-O 7. O-O d6 8. e4 Nc6
9. Be3 (9. d5) 9... Qe7 $6 (9... Ng4 10. Bg5 f6 11. Bh4) 10. d5 exd5 11. cxd5
Ne5 (11... Nd4 $2 12. Nxd4 cxd4 13. Bxd4 Nxe4 14. Bxg7 Kxg7 15. Qd4+ $16) 12.
Nxe5 Qxe5 13. f4 (13. f3 $14) 13... Qe7 14. e5 Ne8 $1 (14... dxe5 15. fxe5 $5
Qxe5 16. Bxc5 $14) 15. Ne4 b6 16. Qd2 (16. Bf3 $1) 16... Bb7 (16... Bf5 $1 17.
Ng3 dxe5 18. Nxf5 gxf5 19. fxe5 Qxe5 $15) 17. Rad1 dxe5 18. f5 Rd8 (18... gxf5
19. Rxf5 Nd6 $13) 19. f6 $5 Nxf6 20. d6 Qe6 21. Rxf6 Bxf6 $2 (21... Qd7 22.
Nxc5 $1 bxc5 23. Rf2) (21... Qc8 $5 $13) 22. Bg4 Bxe4 23. Bxe6 fxe6 24. Rf1 Rd7
25. Bh6 Rff7 26. Qe2 Bc6 27. Qa6 Bd8 $2 (27... Rxd6 28. Qc8+ (28. Rxf6 $2 Rd1+)
28... Bd8 29. Bg5 Rfd7 30. Bxd8 Rxd8 31. Qc7 $16) (27... Bb7 28. Qb5 a6 29.
Qxd7 Rxd7 30. Rxf6 Rd8 31. d7 Bc6 32. Rxe6 Bb5 $1 $16) 28. Qc8 $4 (28. Rxf7
Kxf7 29. Qf1+ $18) 28... Rxf1+ 29. Kxf1 Bb5+ 30. Ke1 Kf7 31. a4 Bxa4 32. Qa6
Bc2 33. Qf1+ Bf5 $2 (33... Bf6 34. Bg5 Bf5 35. Bxf6 Kxf6 36. g4 Rxd6 37. gxf5
exf5 $10) 34. g4 Rxd6 35. gxf5 gxf5 $2 (35... exf5 36. Qc4+) (35... Bh4+ $1 36.
Ke2 exf5) 36. Qh3 Bf6 37. Qh5+ Ke7 38. Bg5 Bxg5 39. Qxg5+ Kd7 40. Qg7+ Kc6 41.
Qxh7 Rd4 42. h4 Re4+ 43. Kd2 Rd4+ 44. Kc2 Rc4+ (44... e4 $5) 45. Kb1 e4 46. Qh6
Kd5 47. h5 Rd4 48. Qc1 $1 Rd3 49. Qh1 Kc4 50. h6 e3 51. Qf1 f4 52. Kc2 1-0

[Event "London m"]
[Site "London"]
[Date "1986.??.??"]
[Round "5"]
[White "Speelman, Jonathan S"]
[Black "Alburt, Lev O"]
[Result "1/2-1/2"]
[WhiteElo "2560"]
[BlackElo "2515"]
[Annotator "ChessBase"]
[PlyCount "39"]
[EventDate "1986.05.??"]
[EventType "match"]
[EventRounds "8"]
[EventCountry "ENG"]
[SourceTitle "MCL"]
[Source "ChessBase"]
[SourceDate "1999.07.01"]
[SourceVersion "1"]
[SourceVersionDate "1999.07.01"]
[SourceQuality "1"]

1. d4 Nf6 2. Nf3 e6 3. c4 c5 4. d5 b5 5. Bg5 Qa5+ 6. Nbd2 Be7 (6... Ne4 $5 7.
b4 $5 (7. Qc2 Nxg5 8. Nxg5 Be7 9. Nge4 d6 $10) 7... Qxb4 (7... cxb4 8. Nxe4
bxc4 9. dxe6 (9. Ned2 $5 f6 10. Bh4 exd5 11. e4 Bb7 (11... dxe4 12. Nxc4 Qh5
13. Nd4 Qxh4 14. Nb5 Na6 15. Ncd6+ Bxd6 16. Nxd6+ Kf8 17. Qd5 $18) 12. e5 fxe5
13. Nxe5 $16) 9... fxe6 10. Bd2 (10. Nd6+ $2 Bxd6 11. Qxd6 b3+ 12. Bd2 c3 13.
Bg5 c2+ 14. Bd2 b2 $19) 10... d5 11. Ng3 Be7 12. e4 $1) 8. Rb1 Qc3 (8... Nc3 9.
Rxb4 Nxd1 10. Rb3 bxc4 11. Nxc4 $16) 9. Rb3 Qa5 10. Rxb5 Qc3 11. Rb3 Qa5 12.
Qb1 Nxg5 (12... Nxd2 13. Nxd2 Qc7 14. Qe4 Bb7 15. d6 $1 Qc6 16. Rxb7 $18) 13.
Nxg5 (13. Rxb8 $2 Nxf3+ 14. exf3 Rxb8 15. Qxb8 Qa6 $17) 13... Na6 14. Qe4 (14.
Nxh7 Be7 15. Rh3 Rb8 16. Qd3 (16. Nf6+ Bxf6 17. Rxh8+ Ke7 18. Qd3 d6 19. e4 Rb2
$1) 16... d6 17. Ng5 Rxh3 18. Nxh3 Qxa2 $17) 14... Rb8 15. Rxb8 Nxb8 16. Qf4
Qc3 $1 17. Qxf7+ (17. e3 Be7 18. Qxb8 O-O 19. Qf4 Bxg5 20. Qxg5 Qc1+ 21. Ke2
Ba6 22. Qf4 exd5 $132) 17... Kd8 18. e3 Be7 19. Nge4 Qa1+ (19... Qc1+ $2 20.
Ke2 Rf8 21. Qxg7 Ba6 22. Qc3 $16) 20. Ke2 Rf8 $132) 7. dxe6 fxe6 8. cxb5 a6 (
8... d5 $5) 9. e4 (9. bxa6 $5) 9... Nxe4 $2 (9... axb5 10. e5 Nd5 11. Bd3 (11.
Bxe7 $5) 11... Nc6 $14) 10. Bxe7 Kxe7 (10... Nxd2 11. Nxd2 Kxe7 12. Qg4 $40)
11. Qc2 d5 (11... Nxd2 12. Qxc5+ d6 13. Qg5+ $16) 12. Bd3 Nxd2 13. Qxc5+ Kf7
14. Ne5+ $2 (14. Nxd2 $1 $16) 14... Kf6 15. b4 Ne4 $1 16. Ng4+ Kf7 17. Bxe4
Qxb5 18. Ne5+ Kf6 19. Ng4+ Kf7 20. Ne5+ 1/2-1/2

[Event "Interzonal-13a"]
[Site "Tunis"]
[Date "1985.05.06"]
[Round "8"]
[White "Chernin, Alexander"]
[Black "Miles, Anthony John"]
[Result "1-0"]
[WhiteElo "2495"]
[BlackElo "2570"]
[Annotator "ChessBase"]
[PlyCount "63"]
[EventDate "1985.04.27"]
[EventType "tourn"]
[EventRounds "17"]
[EventCountry "TUN"]
[EventCategory "11"]
[SourceTitle "IZT"]
[Source "ChessBase"]
[SourceDate "1999.07.01"]
[SourceVersion "1"]
[SourceVersionDate "1999.07.01"]
[SourceQuality "1"]

1. d4 Nf6 2. Nf3 e6 3. c4 c5 4. d5 b5 5. Bg5 h6 6. Bxf6 Qxf6 7. Qc2 exd5 8.
cxd5 d6 9. e4 a6 10. a4 b4 11. Nbd2 Bg4 12. e5 $1 dxe5 (12... Qe7 13. e6 (13.
Qe4 Bxf3 14. Nxf3 Nd7 15. e6 Nf6 $10) 13... Bxf3 14. Nxf3 fxe6 15. Qg6+ Qf7 16.
Qxe6+ Qxe6+ 17. dxe6 Nc6 18. Bc4 $16 {Chernin}) 13. Ne4 Qf4 14. Nfd2 Bf5 15.
Bd3 Bxe4 16. Nxe4 Nd7 17. g3 Qg4 18. h3 Qh5 (18... Qf3 19. O-O f5 20. Nd2 $16)
(18... Qg6 19. Nxc5 Qb6 20. Nxa6 $1 Bd6 21. Qc6 $18) 19. d6 $1 Qg6 (19... f5
20. Nxc5 $1 Rc8 21. Bxf5 $1 $18) 20. Rd1 b3 21. Qe2 f5 22. g4 $1 c4 23. Bb1
fxg4 (23... Rc8 24. Ng3 $18) 24. Qxc4 Qf7 25. Qc6 Rd8 26. hxg4 g6 27. Nc5 Rg8
28. Be4 Bg7 29. Nxa6 Qf4 30. Nc7+ Kf7 31. Qc4+ Kf6 32. Nd5+ 1-0